LEADER 01548nam a2200337 u 4500 001 000000011521 003 CaOOAMICUS 005 20070226105432.0 008 941125s1994 gw u000 u ger u 020 $a3110144050 035 $a10282873 040 $aEFR$bita 100 1 $aUlrich, Jörg.$0(OLS)http://pul/name/11092 245 14$aDie Anfänge der abendländischen Rezeption des Nizänums /$cvon Jörg Ulrich. 260 $aBerlin ;$aNew York :$bWalter de Gruyter,$c1994. 300 $axi, 327 p. ;$c24 cm 490 1 $aPatristische Texte und Studien ;$vBd. 39 500 $aIndex: p. [309]-327. 502 $aThèse--Université de Erlangen-Nürnberg. Faculté de Théologie, 1993. 504 $aBibliographie: p. 288-308. 611 24$aConcilium Nicaenum$n(1 :$d325).$0(OLS)http://pul/subject/1609 630 04$aSymbolum Nicaeno-Constantinopolitanum.$0(OLS)http://pul/subject/8779 710 2 $aFriedrich-Alexander-Universität Erlangen-Nürnberg.$0(OLS)http://pul/name/11093 830 0$aPatristische Texte und Studien,$x0553-4003 ;$vBd. 39.$0(OLS)http://pul/title/1164 850 $aPUL 852 $aPUL$W1$xSL Religione 1$y3$m19 C 39$j16292$nBK-PRI$b $qStampati$B16292$CPULBib$Z2$F16292 $H $81 941 1 $a8 961 $aINV: 87949 996 $6020$a3110144050$9(OLS)http://pul/number/14708 996 $6245$aDie Anfänge der abendländischen Rezeption des Nizänums$9(OLS)http://pul/title/16695 996 $6260$aBerlin ;$aNew York :$bWalter de Gruyter$9(OLS)http://pul/publisher/48355 LEADER 01417nam a2200301 a 4500 001 000000159943 003 CaOOAMICUS 005 20170405124710.0 008 170405s1964 sp m 001 u spa r 032 $aLibriCat 040 $aPUL$bita 100 1 $aPrijatelj, Francisco.$0(OLS)http://pul/name/102309 245 13$aLa antinomia, conciencia del proprio valer-humildad en el epistolario de s. Teresa de Jesús / $cauctore Francisco Prijatelj. 260 $aBurgos :$b[s.n.],$c1964. 300 $aVIII, 113 p. ;$c25 cm. 502 $aTesi -- Pontificia Universitas Gregoriana. Facultas theologica. 1964. 504 $aBibliografia in nota. 600 04$aTheresia a Iesu,$cs.,$d1515-1582.$0(OLS)http://pul/subject/17025 710 2 $aPontificia Università Gregoriana.$bFacoltà di teologia.$kTesi.$0(OLS)http://pul/name/81592 850 $aPUL 852 $aPUL$W1$xDP1 Tesi Pon. Univ. Gregoriana$y40$mTH PUG 1609$j183529$qTesi$B186735$CPULBib$Z2$F186735 $H25768 $82 941 1 $a16 960 $aTeresa di Gesù,$cs.,$d1515-1582$917025 960 $aTeresa d'Avila,$cs.,$d1515-1582$917025 960 $aTeresia a Iesu,$cs.,$d1515-1582$917025 996 $6245$aLa antinomia, conciencia del proprio valer-humildad en el epistolario de s. Teresa de Jesús / $9(OLS)http://pul/title/199579 996 $6260$aBurgos :$b[s.n.]$9(OLS)http://pul/publisher/64152